| 000 -LEADER |
| fixed length control field |
00634cas a2200193 a 4500 |
| 040 ## - CATALOGING SOURCE |
| Transcribing agency |
WaS |
| 082 ## - DEWEY DECIMAL CLASSIFICATION NUMBER |
| Classification number |
338 DOW 1980 A069 Or. |
| 245 00 - TITLE STATEMENT |
| Title |
"Annual downtown data system" / |
| 246 30 - VARYING FORM OF TITLE |
| Title proper/short title |
Annual downtown data system |
| 260 ## - PUBLICATION, DISTRIBUTION, ETC. (IMPRINT) |
| Place of publication |
Seattle, Wash. : |
| Name of publisher |
Downtown Seattle Development Association, |
| Year of publication |
1980- |
| 300 ## - PHYSICAL DESCRIPTION |
| Number of Pages |
v. : |
| Other physical details |
ill. ; |
| Dimensions |
28 cm. |
| 500 ## - GENERAL NOTE |
| General note |
"A survey of statistical and economic data." |
| 500 ## - GENERAL NOTE |
| General note |
Title from cover. |
| 650 #0 - SUBJECT ADDED ENTRY--TOPICAL TERM |
| Topical Term |
Central business districts |
| 710 1# - ADDED ENTRY--CORPORATE NAME |
| Corporate name or jurisdiction name as entry element |
Seattle (Wash.). |
| 710 2# - ADDED ENTRY--CORPORATE NAME |
| Corporate name or jurisdiction name as entry element |
Downtown Seattle Development Association (Seattle, Wash.) |
| 710 2# - ADDED ENTRY--CORPORATE NAME |
| Corporate name or jurisdiction name as entry element |
Downtown Seattle Association |
| 942 ## - ADDED ENTRY ELEMENTS (KOHA) |
| Koha item type |
សៀវភៅភាសាអង់គ្លេស |
| 952 ## - LOCATION AND ITEM INFORMATION (KOHA) |
| Withdrawn status [LOCAL, KOHA] |
0 |